MARC details
| 000 -LEADER |
| campo de control de longitud fija |
02063nam a2200301 i 4500 |
| 001 - NÚMERO DE CONTROL |
| campo de control |
143855 |
| 003 - IDENTIFICADOR DE NÚMERO DE CONTROL |
| campo de control |
ES-MaACL |
| 005 - FECHA Y HORA DE LA ÚLTIMA TRANSACCIÓN |
| campo de control |
20250716062529.0 |
| 007 - CAMPO FIJO DE DESCRIPCIÓN FÍSICA--INFORMACIÓN GENERAL |
| campo de control de longitud fija |
t| |
| 008 - DATOS DE LONGITUD FIJA--INFORMACIÓN GENERAL |
| campo de control de longitud fija |
070214s1987 sp a |||| |dspa d |
| 020 ## - NÚMERO INTERNACIONAL ESTÁNDAR DEL LIBRO |
| Número Internacional Estándar del Libro |
84-03-00959-3 |
| 080 ## - NÚMERO DE LA CLASIFICACIÓN DECIMAL UNIVERSAL |
| Número de la Clasificación Decimal Universal |
820 Shakespeare, William1"15" |
| 080 ## - NÚMERO DE LA CLASIFICACIÓN DECIMAL UNIVERSAL |
| Número de la Clasificación Decimal Universal |
821.111-82"15" |
| 100 1# - ENTRADA PRINCIPAL--NOMBRE DE PERSONA |
| Nombre de persona |
Shakespeare, William, |
| Fechas asociadas al nombre |
1564-1616 |
| 9 (RLIN) |
105992 |
| 245 10 - MENCIÓN DEL TÍTULO |
| Título |
Obras completas / |
| Mención de responsabilidad, etc. |
William Shakespeare ; estudio preliminar, traducción y notas de Luis Astrana Marín. |
| 250 ## - MENCION DE EDICION |
| Mención de edición |
16ª ed., 4ª reimp. |
| 260 ## - PUBLICACIÓN, DISTRIBUCIÓN, ETC. |
| Lugar de publicación, distribución, etc. |
Madrid : |
| Nombre del editor, distribuidor, etc. |
Aguilar, |
| Fecha de publicación, distribución, etc. |
1987. |
| 300 ## - DESCRIPCIÓN FÍSICA |
| Extensión |
2 v. (1262 p. ; 1185 p.) ; |
| Dimensiones |
18 cm. |
| 490 1# - MENCIÓN DE SERIE |
| Mención de serie |
Obras eternas |
| 490 1# - MENCIÓN DE SERIE |
| Mención de serie |
Obras completas de William Shakespeare |
| 505 8# - NOTA DE CONTENIDO CON FORMATO |
| Nota de contenido con formato |
V. 1, contiene: ; |
| Título |
Trabajos de amor perdidos ; |
| -- |
Los dos hidalgos de Verona ; |
| -- |
La comedia de las equivocaciones ; |
| -- |
La tragedia de Romeo y Julieta ; |
| -- |
La vida y muerte del Rey Juan ; |
| -- |
El rey Ricardo II ; |
| -- |
Rey Enrique IV ; |
| -- |
La vida del rey Enrique V ; |
| -- |
La tragedia de Ricardo III ; |
| -- |
La famosa historia del rey Enrique VIII ; |
| -- |
Tito Andrónico ; |
| -- |
Sueño de una noche de verano ; |
| -- |
A buen fin no hay mal principio ; |
| -- |
La doma de la bravía ; |
| -- |
El mercader de Venecia ; |
| -- |
Las alegres casadas de Windsor |
| 505 8# - NOTA DE CONTENIDO CON FORMATO |
| Nota de contenido con formato |
V. 2, contiene: ; |
| Título |
Mucho ruido y pocas nueces ; |
| -- |
A vuestro gusto ; |
| -- |
Noche de Epifanía, o Lo que queráis ; |
| -- |
Julio César ; |
| -- |
Hamlet, príncipe de Dinamarca ; |
| -- |
Troilo y Cressida ; |
| -- |
Otelo, el moro de Venecia ; |
| -- |
Medida por medida ; |
| -- |
La tragedia de Macbeth ; |
| -- |
El rey Lear ; |
| -- |
Timón de Atenas ; |
| -- |
Pericles, príncipe de Tiro ; |
| -- |
Antonio y Cleopatra ; |
| -- |
Coriolano ; |
| -- |
Cimbelino ; |
| -- |
El cuento de invierno ; |
| -- |
La tempestad ; |
| -- |
Venus y Adonis ; |
| -- |
La violación de Lucrecia ; |
| -- |
Querellas de un amante ; |
| -- |
El peregrino apasionado ; |
| -- |
Sonetos para diferentes aires de música ; |
| -- |
El fénix y la tórtola ; |
| -- |
Sonetos |
| 700 1# - ENTRADA AGREGADA--NOMBRE PERSONAL |
| Nombre de persona |
Astrana Marín, Luis. |
| 9 (RLIN) |
23693 |
| 830 0# - PUNTO DE ACCESO ADICIONAL DE SERIE-TÍTULO UNIFORME |
| Título uniforme |
Obras eternas |
| 9 (RLIN) |
183511 |
| 830 0# - PUNTO DE ACCESO ADICIONAL DE SERIE-TÍTULO UNIFORME |
| Título uniforme |
Obras completas de William Shakespeare |
| 9 (RLIN) |
220616 |
| 852 ## - LOCALIZACIÓN |
| Ubicación |
ES-MaACL |
| Número de control de estantería |
B-2009-10 |